[Event "Olomouc Seniors 65 op"]
[Site "Olomouc"]
[Date "2024.08.17"]
[Round "9"]
[White "Lorenc, Oldrich"]
[Black "Jenssen, Ove S"]
[Result "1/2-1/2"]
[WhiteElo "2013"]
[BlackElo "1857"]
[PlyCount "79"]
[EventDate "2024.08.10"]
[EventType "swiss"]
[EventRounds "9"]
[EventCountry "CZE"]
[SourceTitle "CBM 221 Extra"]
[Source "ChessBase"]
[SourceDate "2024.09.30"]
[SourceVersion "1"]
[SourceVersionDate "2024.09.30"]
[SourceQuality "1"]

1. Nf3 Nf6 2. c4 c6 3. b3 e6 4. Bb2 d5 5. g3 Be7 6. Bg2 0-0 7. 0-0 a5 8. d3 Na6 9. Nbd2 a4 10. a3 axb3 11. Qxb3 Nc5 12. Qc2 Na4 13. Bc1 Bd7 14. d4 c5 15. cxd5 exd5 16. dxc5 Bxc5 17. Nb3 b6 18. Ne5 Rc8 19. Qd3 Re8 20. Nxd7 Qxd7 21. e3 Be7 22. Bd2 Nc5 23. Nxc5 bxc5 24. Bc3 c4 25. Qc2 Qe6 26. a4 Ra8 27. a5 Ra6 28. Ra4 Rea8 29. Rd1 Rd8 30. Qb2 Qc6 31. Ra2 Ne8 32. Qd2 Nc7 33. Be5 Bf6 34. Bxc7 Qxc7 35. Bxd5 c3 36. Qc2 Rxa5 37. Rxa5 Qxa5 38. e4 Rb8 39. Bb3 g6 40. Kg2 1/2-1/2

[Event "Olomouc Seniors 65 op"]
[Site "Olomouc"]
[Date "2024.08.15"]
[Round "7"]
[White "Bartos, Alois"]
[Black "Lorenc, Oldrich"]
[Result "1/2-1/2"]
[WhiteElo "1931"]
[BlackElo "2013"]
[PlyCount "76"]
[EventDate "2024.08.10"]
[EventType "swiss"]
[EventRounds "9"]
[EventCountry "CZE"]
[SourceTitle "CBM 221 Extra"]
[Source "ChessBase"]
[SourceDate "2024.09.30"]
[SourceVersion "1"]
[SourceVersionDate "2024.09.30"]
[SourceQuality "1"]

1. e4 d6 2. d4 Nf6 3. Nc3 g6 4. Be3 c6 5. h3 Qa5 6. Bd3 Nbd7 7. Nf3 b5 8. 0-0 b4 9. Ne2 Bg7 10. Qd2 c5 11. Ng3 e5 12. dxe5 dxe5 13. Bh6 0-0 14. Bxg7 Kxg7 15. Qe2 Qc7 16. Nd2 Bb7 17. Nc4 Nb6 18. Na5 Rad8 19. Nxb7 Qxb7 20. Ba6 Qc7 21. a3 Rd4 22. c3 bxc3 23. bxc3 Rd6 24. Rad1 Rfd8 25. Rxd6 Qxd6 26. Bb5 c4 27. Bxc4 Qc5 28. Bb3 Qxc3 29. Qc2 Qxc2 30. Bxc2 Rc8 31. Bb3 h5 32. h4 Rc5 33. Re1 Rb5 34. Re3 a5 35. f3 Nfd7 36. Rc3 a4 37. Bc2 Rc5 38. Ne2 Kf6 1/2-1/2

[Event "Olomouc Seniors 65 op"]
[Site "Olomouc"]
[Date "2024.08.11"]
[Round "3"]
[White "Klimes, Jiri"]
[Black "Lorenc, Oldrich"]
[Result "0-1"]
[WhiteElo "1790"]
[BlackElo "2013"]
[PlyCount "44"]
[EventDate "2024.08.10"]
[EventType "swiss"]
[EventRounds "9"]
[EventCountry "CZE"]
[SourceTitle "CBM 221 Extra"]
[Source "ChessBase"]
[SourceDate "2024.09.30"]
[SourceVersion "1"]
[SourceVersionDate "2024.09.30"]
[SourceQuality "1"]

1. e4 g6 2. d4 Bg7 3. f4 d6 4. Nf3 Nf6 5. Bd3 0-0 6. 0-0 c5 7. c3 cxd4 8. cxd4 Qb6 9. Nbd2 Nc6 10. Nc4 Qc7 11. Be3 d5 12. Ncd2 dxe4 13. Nxe4 Ng4 14. Qe2 Nxe3 15. Qxe3 Qb6 16. Kh1 Nxd4 17. Nc3 Be6 18. Rac1 Rad8 19. Be4 Qxb2 20. Rb1 Qa3 21. Rxb7 Nxf3 22. Rxf3 Qxc3 0-1

[Event "CZE-ch Seniors 65"]
[Site "Olomouc"]
[Date "2023.08.15"]
[Round "5"]
[White "Mayer, Josef"]
[Black "Lorenc, Oldrich"]
[Result "1/2-1/2"]
[WhiteElo "1846"]
[BlackElo "2043"]
[PlyCount "98"]
[EventDate "2023.08.12"]
[EventType "swiss"]
[EventRounds "9"]
[EventCountry "CZE"]
[SourceTitle "CBM 216 Extra"]
[Source "ChessBase"]
[SourceDate "2023.11.30"]
[SourceVersion "1"]
[SourceVersionDate "2023.11.30"]
[SourceQuality "1"]

1. c4 c5 2. Nc3 Nc6 3. g3 g6 4. Bg2 Bg7 5. Nf3 Nf6 6. 0-0 0-0 7. d4 cxd4 8. Nxd4 Nxd4 9. Qxd4 d6 10. Qd3 a6 11. Be3 Ng4 12. Bd4 Ne5 13. Qd1 Rb8 14. b3 Be6 15. Nd5 Bxd5 16. cxd5 Rc8 17. Bh3 f5 18. f4 Nd7 19. Bxg7 Kxg7 20. Qd4+ Kg8 21. e4 Qb6 22. Qxb6 Nxb6 23. Rac1 Rb8 24. Rc7 Rf7 25. Rfc1 Kf8 26. Kf2 Ke8 27. Ke3 Kd8 28. R7c2 Rc8 29. Rxc8+ Nxc8 30. g4 fxe4 31. g5 Nb6 32. Be6 Rf8 33. a4 Nd7 34. a5 Nc5 35. Bg4 Rxf4 36. Kxf4 Nd3+ 37. Kxe4 Nxc1 38. Bd1 Kc7 39. Kd4 Na2 40. Kc4 b5+ 41. axb6+ Kxb6 42. b4 a5 43. bxa5+ Kxa5 44. h4 Nb4 45. Bb3 Na6 46. Bc2 Nc5 47. Kd4 Nd7 48. Bd3 Ne5 49. Be2 Kb6 1/2-1/2

[Event "CZE-ch Seniors 65"]
[Site "Olomouc"]
[Date "2023.08.14"]
[Round "4"]
[White "Lorenc, Oldrich"]
[Black "Tylecek, Drahomir"]
[Result "1-0"]
[WhiteElo "2043"]
[BlackElo "1807"]
[PlyCount "79"]
[EventDate "2023.08.12"]
[EventType "swiss"]
[EventRounds "9"]
[EventCountry "CZE"]
[SourceTitle "CBM 216 Extra"]
[Source "ChessBase"]
[SourceDate "2023.11.30"]
[SourceVersion "1"]
[SourceVersionDate "2023.11.30"]
[SourceQuality "1"]

1. e4 e5 2. Nf3 Nc6 3. Bc4 Nf6 4. d3 Bc5 5. 0-0 d6 6. c3 a6 7. b4 Ba7 8. Qb3 Qe7 9. a4 h6 10. a5 0-0 11. h3 Be6 12. Be3 Nh5 13. Bxa7 Nxa7 14. Bxe6 fxe6 15. Nbd2 Nf4 16. d4 Nc6 17. Kh2 Kh7 18. g3 Ng6 19. dxe5 Ncxe5 20. Nxe5 dxe5 21. Qd1 Rad8 22. Qe2 Qd7 23. Nb3 Qd3 24. Qxd3 Rxd3 25. Rac1 Rff3 26. Nc5 Rxc3 27. Kg2 b6 28. Nxa6 bxa5 29. bxa5 Rxc1 30. Rxc1 Ra3 31. Rc5 Ra4 32. Nxc7 Rxe4 33. Nxe6 Ra4 34. Rc7 h5 35. Nxg7 Rxa5 36. Nxh5+ Kh6 37. Nf6 Kg5 38. Nh7+ Kf5 39. Rf7+ Ke4 40. h4 1-0

[Event "CZE-ch Seniors 65"]
[Site "Olomouc"]
[Date "2023.08.13"]
[Round "3"]
[White "Hlousek, Milan"]
[Black "Lorenc, Oldrich"]
[Result "0-1"]
[WhiteElo "1740"]
[BlackElo "2043"]
[PlyCount "108"]
[EventDate "2023.08.12"]
[EventType "swiss"]
[EventRounds "9"]
[EventCountry "CZE"]
[SourceTitle "CBM 216 Extra"]
[Source "ChessBase"]
[SourceDate "2023.11.30"]
[SourceVersion "1"]
[SourceVersionDate "2023.11.30"]
[SourceQuality "1"]

1. e4 d6 2. d4 Nf6 3. Nc3 g6 4. Be3 c6 5. f3 b5 6. a3 Nbd7 7. Bd3 a6 8. Qd2 c5 9. e5 cxd4 10. Bxd4 dxe5 11. Be3 Bb7 12. Nge2 Qc7 13. 0-0-0 Nc5 14. Kb1 Nxd3 15. Qxd3 Bg7 16. Ng3 0-0 17. h4 h5 18. Nge4 Rfd8 19. Qe2 Qc4 20. Qxc4 bxc4 21. Bb6 Rxd1+ 22. Rxd1 Nxe4 23. fxe4 Bf6 24. g3 Bc6 25. Nd5 Bxd5 26. Rxd5 Rb8 27. Ba5 Rb5 28. Rd8+ Kg7 29. Bc3 Rc5 30. Ra8 Rc6 31. Rd8 e6 32. Ra8 Rd6 33. Bb4 Rd4 34. Bf8+ Kh7 35. Ra7 Kg8 36. Ra8 Rd8 37. Rxd8 Bxd8 38. Bd6 f6 39. Kc1 Bb6 40. Kd2 Bd4 41. b4 Kf7 42. Bc5 Ke8 43. a4 Kd7 44. Bf8 g5 45. hxg5 fxg5 46. Ke2 g4 47. Bh6 Kc6 48. Be3 Bc3 49. Bd2 Bd4 50. Be3 h4 51. gxh4 g3 52. Bxd4 exd4 53. h5 d3+ 54. cxd3 cxd3+ 0-1

[Event "Olomouc Seniors op"]
[Site "Olomouc"]
[Date "2022.08.17"]
[Round "6"]
[White "Vales, Vaclav"]
[Black "Lorenc, Oldrich"]
[Result "1/2-1/2"]
[WhiteElo "2036"]
[BlackElo "2111"]
[PlyCount "181"]
[EventDate "2022.08.13"]
[EventType "swiss"]
[EventRounds "9"]
[EventCountry "CZE"]
[SourceTitle "CBM 209 Extra"]
[Source "ChessBase"]
[SourceDate "2022.09.30"]
[SourceVersion "1"]
[SourceVersionDate "2022.09.30"]
[SourceQuality "1"]

1. d4 Nf6 2. Nf3 e6 3. c4 b6 4. a3 Bb7 5. Nc3 d5 6. cxd5 exd5 7. Bg5 Be7 8. e3 0-0 9. Bd3 Nbd7 10. 0-0 h6 11. Bh4 Ne4 12. Bxe7 Qxe7 13. Qa4 a6 14. Rfc1 c5 15. Qd1 Nxc3 16. Rxc3 c4 17. Bf5 Nf6 18. Ne5 b5 19. Qe1 a5 20. f3 Qd6 21. Rd1 b4 22. axb4 axb4 23. Rcc1 Ra2 24. Rd2 Re8 25. Bb1 Ra5 26. Qh4 Nd7 27. Nxd7 Qxd7 28. e4 Qe7 29. Qxe7 Rxe7 30. e5 Kf8 31. f4 Bc8 32. Kf2 Ra1 33. Rdd1 Rc7 34. Ke3 g6 35. Kd2 Rca7 36. Rg1 h5 37. g3 Bg4 38. Rh1 R1a2 39. Bxa2 Rxa2 40. Rb1 Bf5 41. Kc1 Ke7 42. h3 Ke6 43. g4 hxg4 44. hxg4 Bxg4 45. Rh8 Bf5 46. Rb8 b3 47. Rb6+ Ke7 48. Rb8 Ra7 49. Rh8 Bxb1 50. Kxb1 Rd7 51. Kc1 Ke6 52. Kd2 Kf5 53. Rh4 Ra7 54. Kc3 Ra1 55. Rh7 Ke6 56. Rh8 Rf1 57. Rd8 Rc1+ 58. Kb4 Rc2 59. Rd6+ Kf5 60. Rxd5 Kxf4 61. Rd7 Ke4 62. Rxf7 Kxd4 63. e6 Re2 64. Rd7+ Ke5 65. Rd2 Re4 66. Rg2 Kf6 67. e7 Rxe7 68. Kxc4 Rb7 69. Kd5 g5 70. Rf2+ Kg6 71. Rf8 g4 72. Kc4 Kg5 73. Rg8+ Kf4 74. Kc3 Kf3 75. Rf8+ Kg2 76. Rg8 g3 77. Rg6 Kf2 78. Rf6+ Kg1 79. Kc4 g2 80. Rg6 Rf7 81. Kxb3 Kf2 82. Kc4 g1Q 83. Rxg1 Kxg1 84. b4 Kf2 85. b5 Ke3 86. b6 Ke4 87. Kc5 Ke5 88. Kc6 Rf1 89. b7 Rc1+ 90. Kd7 Rb1 91. Kc7 1/2-1/2

[Event "Olomouc Seniors op"]
[Site "Olomouc"]
[Date "2022.08.16"]
[Round "5"]
[White "Lorenc, Oldrich"]
[Black "Sejkora, Vlastimil"]
[Result "1/2-1/2"]
[WhiteElo "2111"]
[BlackElo "2151"]
[PlyCount "89"]
[EventDate "2022.08.13"]
[EventType "swiss"]
[EventRounds "9"]
[EventCountry "CZE"]
[SourceTitle "CBM 209 Extra"]
[Source "ChessBase"]
[SourceDate "2022.09.30"]
[SourceVersion "1"]
[SourceVersionDate "2022.09.30"]
[SourceQuality "1"]

1. c4 Nf6 2. Nc3 g6 3. g3 Bg7 4. Bg2 0-0 5. d4 d6 6. Nf3 Nc6 7. 0-0 a6 8. b3 Bg4 9. Bb2 e5 10. dxe5 dxe5 11. h3 Bf5 12. g4 Bc8 13. Qxd8 Rxd8 14. Rad1 Re8 15. g5 Nh5 16. e3 Be6 17. Nh2 h6 18. Ne4 hxg5 19. Nxg5 Bc8 20. Bd5 Nd8 21. Ng4 c6 22. Bg2 f6 23. Ne4 Nf7 24. Nd6 Nxd6 25. Rxd6 Be6 26. Bc3 Bf8 27. Rd2 a5 28. a4 Be7 29. Rfd1 Ra6 30. Rb2 Ng7 31. Bf1 Nf5 32. f4 exf4 33. exf4 Kf7 34. Re1 Bc5+ 35. Kh2 Bd6 36. Re4 Be7 37. Rbe2 c5 38. Bg2 Bd7 39. Rd2 Bc6 40. Ree2 Bd6 41. Bxc6 Bxf4+ 42. Kg1 Rxc6 43. Rd7+ Kf8 44. Rxe8+ Kxe8 45. Rxb7 1/2-1/2

[Event "Olomouc Seniors op"]
[Site "Olomouc"]
[Date "2022.08.15"]
[Round "4"]
[White "Bartos, Alois"]
[Black "Lorenc, Oldrich"]
[Result "0-1"]
[WhiteElo "1843"]
[BlackElo "2111"]
[PlyCount "136"]
[EventDate "2022.08.13"]
[EventType "swiss"]
[EventRounds "9"]
[EventCountry "CZE"]
[SourceTitle "CBM 209 Extra"]
[Source "ChessBase"]
[SourceDate "2022.09.30"]
[SourceVersion "1"]
[SourceVersionDate "2022.09.30"]
[SourceQuality "1"]

1. e4 c5 2. Nf3 Nc6 3. d4 cxd4 4. Nxd4 g6 5. c4 Bg7 6. Be3 Qa5+ 7. Nc3 Nf6 8. f3 0-0 9. Nb3 Qc7 10. Rc1 d6 11. Qd2 Be6 12. Nd5 Qd8 13. Be2 Ne5 14. 0-0 Bd7 15. Nd4 e6 16. Nc3 a6 17. Rfd1 Qc7 18. b3 Ne8 19. Nc2 Bc6 20. c5 d5 21. exd5 exd5 22. Nxd5 Bxd5 23. Qxd5 Nc6 24. Qd7 Rd8 25. Qxc7 Nxc7 26. Rxd8 Rxd8 27. Rd1 Rxd1+ 28. Bxd1 Nd5 29. Bd2 Nc3 30. Bxc3 Bxc3 31. Kf2 Nb4 32. Ke3 Nxa2 33. f4 a5 34. Kd3 Bf6 35. Bf3 Bd8 36. Bxb7 Kf8 37. Kc4 Ke7 38. Nd4 Nb4 39. Kb5 Bc7 40. g3 h6 41. Nf3 Ke6 42. Nd2 Na2 43. Kc6 Bd8 44. Bc8+ Ke7 45. Bh3 Nc3 46. Bg2 f6 47. Kb7 g5 48. f5 h5 49. Nc4 a4 50. b4 Nb5 51. Nd2 Nd4 52. Nb1 Nc2 53. b5 a3 54. Bd5 Nb4 55. Be6 a2 56. Bxa2 Nxa2 57. b6 Nb4 58. c6 Bxb6 59. Kxb6 Kd6 60. Nc3 Nxc6 61. Ne4+ Ke5 62. Nxf6 Kxf6 63. Kxc6 Kxf5 64. Kd5 Kg4 65. Ke4 Kh3 66. Kf5 g4 67. Kg5 Kxh2 68. Kh4 Kg2 0-1

[Event "CZE-chT2D 2122"]
[Site "Czech Republic"]
[Date "2022.02.13"]
[Round "8.7"]
[White "Safarik, Jakub"]
[Black "Lorenc, Oldrich"]
[Result "0-1"]
[WhiteElo "2171"]
[BlackElo "2098"]
[PlyCount "106"]
[EventDate "2021.10.17"]
[EventType "team-tourn"]
[EventRounds "11"]
[EventCountry "CZE"]
[SourceTitle "EXT 2025"]
[Source "ChessBase"]
[SourceDate "2024.10.14"]
[SourceVersion "1"]
[SourceVersionDate "2024.10.14"]
[SourceQuality "1"]
[WhiteTeam "Lipa"]
[BlackTeam "Policka Stefanydes"]
[WhiteTeamCountry "CZE"]
[BlackTeamCountry "CZE"]

1. e4 d6 2. d4 Nf6 3. Nc3 g6 4. Be3 c6 5. f3 Bg7 6. Qd2 Qa5 7. 0-0-0 Nbd7 8. h4 b5 9. Kb1 b4 10. Nce2 Ba6 11. g4 Nb6 12. b3 h5 13. gxh5 Nxh5 14. Bh3 Nf6 15. Nf4 Nc4 16. Qc1 Nxe3 17. Qxe3 Bh6 18. d5 Nh5 19. Qd4 Bg7 20. Qd2 Qa3 21. Nd3 Bxd3 22. cxd3 cxd5 23. Ne2 Qa5 24. d4 Qb5 25. Qd3 Qb7 26. Rc1 a5 27. Rc2 Bh6 28. Rg1 Nf4 29. Nxf4 Bxf4 30. Rg4 dxe4 31. fxe4 e5 32. d5 Ke7 33. Rc6 Ra7 34. Qc4 g5 35. Rg1 Rxh4 36. Bc8 Qb8 37. Bf5 Rh2 38. Rc8 Qb6 39. Rf1 a4 40. Qc6 Qxc6 41. dxc6 axb3 42. axb3 Raa2 43. Rxf4 gxf4 44. c7 Rab2+ 45. Ka1 Rbc2 46. Kb1 Kf6 47. Rh8 Rb2+ 48. Ka1 Ra2+ 49. Kb1 Rhb2+ 50. Kc1 Rg2 51. Kb1 Rab2+ 52. Ka1 Rbc2 53. c8Q Rg1# 0-1

[Event "CZE-chT2D 2122"]
[Site "Czech Republic"]
[Date "2021.12.05"]
[Round "4.7"]
[White "Kalousek, Vladimir"]
[Black "Lorenc, Oldrich"]
[Result "0-1"]
[WhiteElo "1919"]
[BlackElo "2098"]
[PlyCount "113"]
[EventDate "2021.10.17"]
[EventType "team-tourn"]
[EventRounds "11"]
[EventCountry "CZE"]
[SourceTitle "EXT 2025"]
[Source "ChessBase"]
[SourceDate "2024.10.14"]
[SourceVersion "1"]
[SourceVersionDate "2024.10.14"]
[SourceQuality "1"]
[WhiteTeam "Usti nad Orlici"]
[BlackTeam "Policka Stefanydes"]
[WhiteTeamCountry "CZE"]
[BlackTeamCountry "CZE"]

1. Nf3 c5 2. c4 Nc6 3. d4 cxd4 4. Nxd4 g6 5. Nxc6 bxc6 6. g3 Bg7 7. Bg2 Qb6 8. Qc2 Rb8 9. Nc3 Qb4 10. 0-0 Qxc4 11. Be3 a5 12. Rac1 Ba6 13. Rfe1 Nf6 14. b3 Qb4 15. Na4 Nd5 16. Bd2 Qb5 17. Bxd5 Qxd5 18. Rcd1 Qb5 19. Bc3 Bxc3 20. Qxc3 f6 21. Qd4 d6 22. Qe4 Kf7 23. Rc1 Bb7 24. Qc4+ Qxc4 25. Rxc4 c5 26. f3 Bc6 27. Kf2 Bb5 28. Rc2 Bxa4 29. bxa4 Rb4 30. e4 Rhb8 31. Ree2 Rxa4 32. f4 Rab4 33. e5 a4 34. exd6 exd6 35. Red2 R8b6 36. Ke3 Ke6 37. Rc3 Rb2 38. Ra3 Rxd2 39. Kxd2 Rb2+ 40. Ke3 Rb4 41. Kd2 d5 42. Re3+ Re4 43. Rf3 f5 44. h3 h5 45. Rf1 Kd6 46. a3 d4 47. Rb1 Kd5 48. Rb6 Re6 49. Rb8 Re3 50. Rb6 Rxg3 51. Ra6 Rxa3 52. Rxg6 Rxh3 53. Rf6 Rh2+ 54. Kd1 a3 55. Rxf5+ Kc4 56. Rf8 a2 57. Ra8 0-1

[Event "CZE-chT2D 1920"]
[Site "Czech Republic"]
[Date "2020.02.23"]
[Round "9.6"]
[White "Dosedel, Jiri"]
[Black "Lorenc, Oldrich"]
[Result "1/2-1/2"]
[WhiteElo "2023"]
[BlackElo "2109"]
[PlyCount "36"]
[EventDate "2019.10.13"]
[EventType "team-tourn"]
[EventRounds "11"]
[EventCountry "CZE"]
[SourceTitle "EXT 2024"]
[Source "ChessBase"]
[SourceDate "2023.10.10"]
[SourceVersion "1"]
[SourceVersionDate "2023.10.10"]
[SourceQuality "1"]
[WhiteTeam "Vysoke Myto"]
[BlackTeam "Policka Stefanydes"]
[WhiteTeamCountry "CZE"]
[BlackTeamCountry "CZE"]

1. Nf3 g6 2. d4 Bg7 3. c4 Nf6 4. Nc3 d5 5. cxd5 Nxd5 6. e4 Nxc3 7. bxc3 c5 8. Bb5+ Bd7 9. Qa4 0-0 10. Bxd7 Nxd7 11. 0-0 Nb6 12. Qd1 Qc7 13. Be3 Nc4 14. Qe2 b5 15. a4 a6 16. Rfb1 Rab8 17. axb5 axb5 18. Rb3 Nxe3 1/2-1/2

[Event "CZE-chT2D 1920"]
[Site "Czech Republic"]
[Date "2019.12.15"]
[Round "5.5"]
[White "Lorenc, Oldrich"]
[Black "Solc, Filip"]
[Result "1/2-1/2"]
[WhiteElo "2109"]
[BlackElo "2073"]
[PlyCount "66"]
[EventDate "2019.10.13"]
[EventType "team-tourn"]
[EventRounds "11"]
[EventCountry "CZE"]
[SourceTitle "EXT 2024"]
[Source "ChessBase"]
[SourceDate "2023.10.10"]
[SourceVersion "1"]
[SourceVersionDate "2023.10.10"]
[SourceQuality "1"]
[WhiteTeam "Policka Stefanydes"]
[BlackTeam "Hradec Kralove Slavia"]
[WhiteTeamCountry "CZE"]
[BlackTeamCountry "CZE"]

1. c4 Nf6 2. Nc3 g6 3. g3 Bg7 4. Bg2 c5 5. Nf3 0-0 6. 0-0 Nc6 7. d4 cxd4 8. Nxd4 Qa5 9. e3 d6 10. Nxc6 bxc6 11. Bxc6 Rb8 12. Qa4 Qc5 13. a3 Bh3 14. Bg2 Bxg2 15. Kxg2 Rfc8 16. b3 d5 17. Bb2 dxc4 18. b4 Qf5 19. f3 a5 20. e4 Qd7 21. Qxa5 Qc6 22. Rad1 Nd7 23. Qd5 Ne5 24. Qxc6 Rxc6 25. Nd5 Kf8 26. f4 Nd3 27. Bxg7+ Kxg7 28. Rd2 Ra6 29. Nxe7 Rxa3 30. Nd5 Nxb4 31. Rc1 Nxd5 32. exd5 c3 33. Rdc2 Rd8 1/2-1/2

[Event "CZE-chT2D 1920"]
[Site "Czech Republic"]
[Date "2019.12.01"]
[Round "4.6"]
[White "Lorenc, Oldrich"]
[Black "Prochazka, Petr1"]
[Result "1-0"]
[WhiteElo "2109"]
[BlackElo "1976"]
[PlyCount "75"]
[EventDate "2019.10.13"]
[EventType "team-tourn"]
[EventRounds "11"]
[EventCountry "CZE"]
[SourceTitle "EXT 2024"]
[Source "ChessBase"]
[SourceDate "2023.10.10"]
[SourceVersion "1"]
[SourceVersionDate "2023.10.10"]
[SourceQuality "1"]
[WhiteTeam "Policka Stefanydes"]
[BlackTeam "Lanskroun"]
[WhiteTeamCountry "CZE"]
[BlackTeamCountry "CZE"]

1. e4 c5 2. Nf3 d6 3. c3 Nf6 4. Bc4 Nc6 5. d3 e6 6. Qe2 Be7 7. 0-0 0-0 8. Bb3 b5 9. d4 cxd4 10. cxd4 Qb6 11. Rd1 e5 12. d5 Na5 13. Bc2 Bd7 14. Bd3 Rfc8 15. Be3 Qa6 16. Nbd2 Nc4 17. Bxc4 bxc4 18. b3 Rab8 19. Rdc1 Ng4 20. Nxc4 Bb5 21. Nfd2 Nxe3 22. Qxe3 h6 23. a4 Bd7 24. Rc3 f5 25. Rac1 Rf8 26. Qd3 Bg5 27. Ne3 Qa5 28. Nxf5 Bxf5 29. exf5 e4 30. Qe2 Qxd5 31. R1c2 Qxf5 32. Nxe4 Rbe8 33. f3 d5 34. Rc5 Bd8 35. a5 Qe6 36. Ng3 Qf6 37. Qd3 d4 38. Ne4 1-0

[Event "CZE-chT2D 1920"]
[Site "Czech Republic"]
[Date "2019.10.13"]
[Round "1.5"]
[White "Hajek, Jiri"]
[Black "Lorenc, Oldrich"]
[Result "0-1"]
[WhiteElo "2033"]
[BlackElo "2109"]
[PlyCount "62"]
[EventDate "2019.10.13"]
[EventType "team-tourn"]
[EventRounds "11"]
[EventCountry "CZE"]
[SourceTitle "EXT 2024"]
[Source "ChessBase"]
[SourceDate "2023.10.10"]
[SourceVersion "1"]
[SourceVersionDate "2023.10.10"]
[SourceQuality "1"]
[WhiteTeam "Chrudim"]
[BlackTeam "Policka Stefanydes"]
[WhiteTeamCountry "CZE"]
[BlackTeamCountry "CZE"]

1. d4 Nf6 2. Nf3 d6 3. g3 g6 4. Bg2 Bg7 5. 0-0 0-0 6. c4 Nbd7 7. Nc3 c5 8. e3 Rb8 9. b3 a6 10. a4 b6 11. Bb2 Bb7 12. d5 Ne4 13. Qc2 Nxc3 14. Bxc3 b5 15. Bxg7 Kxg7 16. axb5 axb5 17. h4 b4 18. h5 Nf6 19. hxg6 hxg6 20. Ng5 Bc8 21. e4 Nh7 22. Nxh7 Kxh7 23. f4 f6 24. e5 Bf5 25. Qe2 fxe5 26. fxe5 dxe5 27. Qxe5 Qd6 28. Rfe1 Rb7 29. Qe3 Kg7 30. Ra6 Qxa6 31. Qe5+ Qf6 0-1

[Event "CZE-chT2D 1819"]
[Site "Czech Republic"]
[Date "2019.03.31"]
[Round "11.5"]
[White "Lorenc, Oldrich"]
[Black "Cernovsky, Jiri"]
[Result "1/2-1/2"]
[WhiteElo "2081"]
[BlackElo "2108"]
[PlyCount "63"]
[EventDate "2018.10.14"]
[EventType "team-tourn"]
[EventRounds "11"]
[EventCountry "CZE"]
[SourceTitle "EXT 2022"]
[Source "ChessBase"]
[SourceDate "2021.10.06"]
[SourceVersion "1"]
[SourceVersionDate "2021.10.06"]
[SourceQuality "1"]
[WhiteTeam "Policka Stefanydes"]
[BlackTeam "Kutna Hora"]
[WhiteTeamCountry "CZE"]
[BlackTeamCountry "CZE"]

1. Nf3 d5 2. c4 dxc4 3. e3 Nf6 4. Bxc4 e6 5. b3 Be7 6. Bb2 b6 7. Bb5+ Bd7 8. Nc3 0-0 9. 0-0 c5 10. d4 cxd4 11. Nxd4 a6 12. Bxd7 Qxd7 13. Qf3 Ra7 14. Rfd1 Qb7 15. Rac1 Re8 16. Na4 Ne4 17. Nc6 Ng5 18. Nxe7+ Qxe7 19. Qg3 b5 20. Bd4 Rd7 21. Nc5 Rc7 22. Ne4 Rxc1 23. Rxc1 f6 24. Rc7 Nd7 25. Nc5 Rd8 26. h4 Nf7 27. Nb7 Ra8 28. Bxf6 Qxf6 29. Rxd7 Rf8 30. Nc5 e5 31. Ne4 Qc6 32. Rxf7 1/2-1/2

[Event "Litomysl op 20th"]
[Site "Litomysl"]
[Date "2018.12.27"]
[Round "3"]
[White "Lorenc, Oldrich"]
[Black "Ulcak, Michael"]
[Result "1-0"]
[WhiteElo "2069"]
[BlackElo "1464"]
[PlyCount "73"]
[EventDate "2018.12.26"]
[EventType "swiss"]
[EventRounds "9"]
[EventCountry "CZE"]
[SourceTitle "CBM 188 Extra"]
[Source "ChessBase"]
[SourceDate "2019.02.28"]
[SourceVersion "1"]
[SourceVersionDate "2019.02.28"]
[SourceQuality "1"]

1. Nf3 Nf6 2. c4 c6 3. Nc3 d5 4. e3 e6 5. d4 Bd6 6. Rb1 a6 7. c5 Bc7 8. b4 b6 9. cxb6 Bxb6 10. Qc2 0-0 11. Bd3 Nbd7 12. Na4 Bb7 13. 0-0 Qc7 14. Nc5 Rfb8 15. Bb2 a5 16. a3 axb4 17. axb4 Bxc5 18. bxc5 Ba6 19. Bc3 Bxd3 20. Qxd3 Ne4 21. Nd2 Nxc3 22. Qxc3 Rb7 23. Rxb7 Qxb7 24. Rb1 Qc7 25. Qb4 Rb8 26. Qa4 Rxb1+ 27. Nxb1 Qb7 28. Nd2 Qb5 29. Qa8+ Nf8 30. Qd8 h6 31. h4 Qb4 32. Nf3 Qb1+ 33. Kh2 f6 34. Qe8 Qb5 35. h5 Qd3 36. Nh4 Qe2 37. f3 1-0

[Event "CZE-chT2D 1819"]
[Site "Czech Republic"]
[Date "2018.12.02"]
[Round "4.3"]
[White "Lorenc, Oldrich"]
[Black "Nemec, Pavel"]
[Result "1/2-1/2"]
[WhiteElo "2081"]
[BlackElo "2221"]
[PlyCount "24"]
[EventDate "2018.10.14"]
[EventType "team-tourn"]
[EventRounds "11"]
[EventCountry "CZE"]
[SourceTitle "EXT 2022"]
[Source "ChessBase"]
[SourceDate "2021.10.06"]
[SourceVersion "1"]
[SourceVersionDate "2021.10.06"]
[SourceQuality "1"]
[WhiteTeam "Policka Stefanydes"]
[BlackTeam "Chrudim"]
[WhiteTeamCountry "CZE"]
[BlackTeamCountry "CZE"]

1. e4 c5 2. Nf3 d6 3. c3 Nc6 4. d4 Bg4 5. Be2 e6 6. d5 exd5 7. exd5 Bxf3 8. Bxf3 Ne5 9. Be2 Be7 10. Qa4+ Nd7 11. 0-0 Ngf6 12. c4 0-0 1/2-1/2

[Event "CZE-chT2D 1819"]
[Site "Czech Republic"]
[Date "2018.11.04"]
[Round "2.5"]
[White "Lorenc, Oldrich"]
[Black "Sykora, Josef"]
[Result "1/2-1/2"]
[WhiteElo "2081"]
[BlackElo "2058"]
[PlyCount "22"]
[EventDate "2018.10.14"]
[EventType "team-tourn"]
[EventRounds "11"]
[EventCountry "CZE"]
[SourceTitle "EXT 2022"]
[Source "ChessBase"]
[SourceDate "2021.10.06"]
[SourceVersion "1"]
[SourceVersionDate "2021.10.06"]
[SourceQuality "1"]
[WhiteTeam "Policka Stefanydes"]
[BlackTeam "Pardubice Rapid"]
[WhiteTeamCountry "CZE"]
[BlackTeamCountry "CZE"]

1. Nf3 Nf6 2. g3 d5 3. c4 c6 4. b3 g6 5. Bb2 Bg7 6. cxd5 cxd5 7. Bg2 0-0 8. 0-0 Nc6 9. d4 Bf5 10. Nc3 Ne4 11. Ne5 Nxe5 1/2-1/2

[Event "CZE-chT2D 1819"]
[Site "Czech Republic"]
[Date "2018.10.14"]
[Round "1.5"]
[White "Benes, Petr"]
[Black "Lorenc, Oldrich"]
[Result "1/2-1/2"]
[WhiteElo "2092"]
[BlackElo "2081"]
[PlyCount "42"]
[EventDate "2018.10.14"]
[EventType "team-tourn"]
[EventRounds "11"]
[EventCountry "CZE"]
[SourceTitle "EXT 2022"]
[Source "ChessBase"]
[SourceDate "2021.10.06"]
[SourceVersion "1"]
[SourceVersionDate "2021.10.06"]
[SourceQuality "1"]
[WhiteTeam "Kolin"]
[BlackTeam "Policka Stefanydes"]
[WhiteTeamCountry "CZE"]
[BlackTeamCountry "CZE"]

1. d4 Nf6 2. Nf3 g6 3. g3 Bg7 4. Bg2 c5 5. 0-0 cxd4 6. Nxd4 0-0 7. c4 Nc6 8. Nxc6 dxc6 9. Qc2 Qc7 10. Nc3 Be6 11. Na4 Rad8 12. Nc5 Bf5 13. e4 Bc8 14. Nb3 c5 15. Bf4 e5 16. Bg5 h6 17. Bxf6 Bxf6 18. Rad1 Be6 19. Rfe1 b6 20. Nc1 Rd4 21. b3 Rfd8 1/2-1/2